000 01338nam a2200301 c 4500
999 _c133259
_d133259
003 BLK
005 20191018115906.0
008 180409b bul|||||r ||||||| ||bul||
010 _aKNG00139150000
040 _aBLK
041 _aBUL
_cBUL
072 7 _2bullib
_aА
_xФонд Михаил Арнаудов
080 _aБългарска литература
_b821.163.2
_x-1(082)
_z821.163.2-1(082)
139 _aБългарски поети
_bБ 92
245 1 0 _aБългарски поети
257 _aBGR
260 _bЩаб на действующата армия
_c1917
_fСофия : печ. Воен. известия
300 _a232 с.
_c15 см
380 _aX
490 1 _aПоходна войнишка библиотека
_v№ 28
490 _aЧастна колекция - Академик Михаил Арнаудов
_9396381
_gДарение - Основен фонд
500 _aАвтори : П. Р. Славейков, Хр. Ботев, Ив. Вазов, Ст. Михайловски, П. Славейков, К. Христов, П. К. Яворов. - Фонд Михаил Арнаудов - мека подв., неразрязана
659 _aА
852 _aЦб 8.155.5240
852 _aМА 1506
856 4 _qpdf
856 4 _qpdf
942 _cKNG
_n0
_s1
944 _aCR
_c07.02.2013
_l07.02.2013 - от С1,Р / 07.02.2013
_kНаталия_Медовщикова
944 _aED
_c16.01.2017
_l07.02.2013 - от С1,Р / 07.02.2013
999 _d133259